00785nam a2200241Ia 4500003000400000005001700004008004100021020002200062040000700084041000800091082001600099100002800115245003700143260002900180300001600209365001300225440004700238650003200285906004300317942001200360999001900372952015200391OSt20230529094116.0210423s2015 xx 000 0 und d a978-93-84007-40-9 cAL aeng a530.41 SCHI aSCHMOOL (David)9115515 aIntroductory solid state physics aNew DelhibMed Tecc2015 axvi,628bPB b395cINR aMedtec introductory physics series9115516 aSolid State Physics9115517 aIntroductory ; physics ; solid ; state 2ddccBK c168252d168252 001040708PHYaSACPGbSACPGd2017-01-24eSouthern Book Sellersg395.00l4o530.41 SCHIpPG014754r2025-04-01 09:36:54s2025-03-12w2021-04-26yBK